[Event "ROM-ch"]
[Site "Eforie Nord"]
[Date "2024.03.01"]
[Round "8"]
[White "Ciocani, Iosif"]
[Black "Armenciu, Bogdan Ovidiu"]
[Result "1/2-1/2"]
[WhiteElo "2063"]
[BlackElo "1936"]
[PlyCount "101"]
[EventDate "2024.02.24"]
[EventType "swiss"]
[EventRounds "9"]
[EventCountry "ROU"]
[SourceTitle "CB10_2024"]
[SourceDate "2024.03.06"]
[SourceVersion "1"]
[SourceVersionDate "2024.03.06"]
[SourceQuality "1"]

1. e4 d6 2. d4 Nf6 3. Nc3 g6 4. f4 Bg7 5. Nf3 c5 6. Bb5+ Bd7 7. e5 Ng4 8. Bxd7+ Qxd7 9. h3 cxd4 10. Qxd4 Nc6 11. Qe4 Nh6 12. Be3 dxe5 13. fxe5 Nf5 14. Bf4 e6 15. g4 Nfe7 16. Nb5 0-0 17. Rd1 Qc8 18. c4 a6 19. Nd6 Qc7 20. 0-0 b5 21. b3 bxc4 22. bxc4 Rab8 23. Rb1 Qa5 24. Rxb8 Rxb8 25. Ng5 Nxe5 26. Ndxf7 Nxf7 27. Qxe6 Qb6+ 28. Qxb6 Rxb6 29. Nxf7 Kxf7 30. Bd6+ Ke6 31. c5 Rxd6 32. cxd6 Kxd6 33. Rf7 Bd4+ 34. Kg2 h5 35. gxh5 gxh5 36. Kf3 Nd5 37. Ke4 Bb2 38. Rf5 Nf6+ 39. Kf4 Bc3 40. Kg5 Ne4+ 41. Kg6 a5 42. Rxh5 a4 43. Rb5 a3 44. h4 Bb2 45. h5 Nc3 46. Rb8 Nxa2 47. h6 Nc1 48. h7 Kc7 49. Rb4 Kd6 50. Rb8 Kc7 51. Rb4 1/2-1/2

[Event "ROM-chT Rapid"]
[Site "Sebes"]
[Date "2023.12.02"]
[Round "5.10"]
[White "Ciocani, Iosif"]
[Black "Magold, Filip"]
[Result "0-1"]
[WhiteElo "2232"]
[BlackElo "2382"]
[PlyCount "68"]
[EventDate "2023.12.02"]
[EventType "team-swiss (rapid)"]
[EventRounds "8"]
[EventCountry "ROU"]
[SourceTitle "CB49_2023"]
[SourceDate "2023.12.06"]
[SourceVersion "1"]
[SourceVersionDate "2023.12.06"]
[SourceQuality "1"]
[WhiteTeam "Bucharest CSU"]
[BlackTeam "Dinamo"]
[WhiteTeamCountry "ROU"]
[BlackTeamCountry "ROU"]

1. e4 c5 2. Nf3 Nc6 3. d4 cxd4 4. Nxd4 e5 5. Nb5 d6 6. c4 g6 7. N1c3 a6 8. Na3 Nf6 9. Be2 Bg7 10. 0-0 0-0 11. Nc2 Be6 12. Be3 Rc8 13. Qd2 Qc7 14. Rfd1 Rfd8 15. Rac1 Na5 16. Na3 Nc6 17. b3 Nd4 18. Bxd4 exd4 19. Nd5 Bxd5 20. cxd5 Qe7 21. f3 b5 22. Nc2 Re8 23. Bf1 h5 24. Kh1 Kh7 25. Qd3 Bh6 26. Rb1 Rc3 27. Qe2 Nxd5 28. Rxd4 Rec8 29. Rxd5 Rxc2 30. Qe1 Rxa2 31. Rbd1 Bf4 32. Bd3 Qf6 33. Qb4 Qh4 34. h3 Qg3 0-1

[Event "ROM-chT Rapid"]
[Site "Sebes"]
[Date "2023.12.02"]
[Round "4.18"]
[White "Nicola, Andrei Bogdan"]
[Black "Ciocani, Iosif"]
[Result "0-1"]
[WhiteElo "1518"]
[BlackElo "2232"]
[PlyCount "74"]
[EventDate "2023.12.02"]
[EventType "team-swiss (rapid)"]
[EventRounds "8"]
[EventCountry "ROU"]
[SourceTitle "CB49_2023"]
[SourceDate "2023.12.06"]
[SourceVersion "1"]
[SourceVersionDate "2023.12.06"]
[SourceQuality "1"]
[WhiteTeam "Craiova"]
[BlackTeam "Bucharest CSU"]
[WhiteTeamCountry "ROU"]
[BlackTeamCountry "ROU"]

1. d4 Nf6 2. c4 e6 3. Nf3 d5 4. g3 dxc4 5. Bg2 c6 6. a4 Bb4+ 7. Bd2 a5 8. Qc2 Bxd2+ 9. Nbxd2 b5 10. 0-0 0-0 11. b3 cxb3 12. Nxb3 Nd5 13. Ne5 Qb6 14. e4 Nb4 15. Qc5 Qxc5 16. Nxc5 f6 17. Nf3 N8a6 18. Rfc1 Nxc5 19. Rxc5 Bd7 20. axb5 cxb5 21. Rc7 Bc6 22. d5 exd5 23. Nd4 Rac8 24. Rxc8 Rxc8 25. Nxc6 Rxc6 26. exd5 Ra6 27. Bf1 Nc2 28. Ra2 Nb4 29. Ra1 Nc2 30. Ra2 Nd4 31. Ra3 a4 32. Rd3 Nf5 33. Rf3 Nd6 34. Re3 a3 35. Re1 Ra4 36. Ra1 b4 37. Be2 b3 0-1

[Event "Wch U16"]
[Site "Montesilvano"]
[Date "2023.11.22"]
[Round "9"]
[White "Fiskaaen, Martin Holten"]
[Black "Ciocani, Iosif"]
[Result "1-0"]
[WhiteElo "2069"]
[BlackElo "2232"]
[PlyCount "97"]
[EventDate "2023.11.13"]
[EventType "swiss"]
[EventRounds "11"]
[EventCountry "ITA"]
[SourceTitle "CB48_2023"]
[SourceDate "2023.11.29"]
[SourceVersion "1"]
[SourceVersionDate "2023.11.29"]
[SourceQuality "1"]

1. d4 Nf6 2. c4 e6 3. g3 d5 4. Nf3 dxc4 5. Bg2 c6 6. Ne5 Bb4+ 7. Bd2 Be7 8. e3 b5 9. Nxc6 Nxc6 10. Bxc6+ Bd7 11. Bxa8 Qxa8 12. f3 e5 13. 0-0 exd4 14. exd4 Nd5 15. a4 0-0 16. axb5 Bf6 17. Bc1 Bh3 18. Re1 Nb4 19. Be3 Nd3 20. Nd2 Nxe1 21. Qxe1 Qd5 22. Ne4 Bxd4 23. Bxd4 Qxd4+ 24. Qf2 Qd3 25. Qd2 Qb3 26. Nc3 Qb4 27. Rxa7 Re8 28. Ra1 h6 29. Rd1 Bf5 30. Qf2 Bd3 31. Ra1 h5 32. Kg2 Qb3 33. Kg1 Bc2 34. Rc1 Bf5 35. Qd2 Qb4 36. Kh1 Re6 37. Rd1 Bd3 38. Kg1 h4 39. Qf2 h3 40. Ra1 Re8 41. Kh1 Qb3 42. Rc1 Bc2 43. Kg1 Qxb2 44. Qd2 Re3 45. Rxc2 Qb3 46. Qxe3 Qxc2 47. Qe8+ Kh7 48. Qe4+ Qxe4 49. fxe4 1-0

[Event "Sebes GP op"]
[Site "Sebes"]
[Date "2023.11.05"]
[Round "5"]
[White "David, Alexandru Vasile"]
[Black "Ciocani, Iosif"]
[Result "0-1"]
[WhiteElo "2372"]
[BlackElo "2218"]
[PlyCount "140"]
[EventDate "2023.11.04"]
[EventType "swiss"]
[EventRounds "10"]
[EventCountry "ROU"]
[SourceTitle "CB46_2023"]
[SourceDate "2023.11.15"]
[SourceVersion "1"]
[SourceVersionDate "2023.11.15"]
[SourceQuality "1"]

1. d4 Nf6 2. c4 e6 3. Nc3 Bb4 4. e3 c5 5. Bd3 0-0 6. a3 Bxc3+ 7. bxc3 b6 8. e4 Ne8 9. f4 Nc6 10. Nf3 Ba6 11. e5 f5 12. d5 Na5 13. d6 Bxc4 14. Bxc4 Nxc4 15. Qa4 Na5 16. c4 g6 17. 0-0 Ng7 18. Rb1 h6 19. Qc2 Qc8 20. Re1 Nh5 21. Bd2 Qa6 22. Rb5 Nc6 23. a4 Rfc8 24. Ra1 Nb4 25. Qb3 Qb7 26. a5 Qe4 27. Re1 Qc6 28. Kf2 bxa5 29. Rxa5 a6 30. g3 Rab8 31. Qc3 Kf7 32. h4 Rb6 33. Ra3 Rcb8 34. Be3 Rc8 35. Re2 Qe4 36. Bc1 Qc6 37. Ra1 Ra8 38. Ra5 Rc8 39. Kg2 Rb7 40. Re1 Qb6 41. Ra3 a5 42. Be3 Ra8 43. Rea1 Rba7 44. Ra4 Qc6 45. Bf2 Ra6 46. Re1 Qxa4 47. Bxc5 Qc6 48. Bf2 a4 49. Qxb4 a3 50. Ra1 Ra4 51. Qb3 Qxc4 52. Qb7 Qc6 53. Qxc6 dxc6 54. Nd4 a2 55. Nxc6 Ke8 56. Kf3 Kd7 57. Nd4 Rb8 58. Ke2 Rb1 59. Nc2 Rxa1 60. Nxa1 Ra3 61. Kd2 Nxg3 62. Kc2 Ne4 63. Kb2 Rf3 64. Be1 Rxf4 65. Kxa2 g5 66. hxg5 hxg5 67. Nc2 Rf1 68. Kb3 g4 69. Bh4 g3 70. Ne3 Rf3 0-1

[Event "EU-ch U16 31st"]
[Site "Mamaia"]
[Date "2023.09.14"]
[Round "9"]
[White "Macias Pino, Diego"]
[Black "Ciocani, Iosif"]
[Result "1-0"]
[WhiteElo "2438"]
[BlackElo "2171"]
[PlyCount "63"]
[EventDate "2023.09.05"]
[EventType "swiss"]
[EventRounds "9"]
[EventCountry "ROU"]
[SourceTitle "EXT 2024"]
[Source "ChessBase"]
[SourceDate "2023.10.10"]
[SourceVersion "1"]
[SourceVersionDate "2023.10.10"]
[SourceQuality "1"]

1. e4 c5 2. Nf3 e6 3. d4 cxd4 4. Nxd4 Nc6 5. Nc3 Qc7 6. Be3 a6 7. Qf3 b5 8. Qg3 Ne5 9. 0-0-0 Nf6 10. f4 Neg4 11. Bd2 h5 12. h3 b4 13. Nd5 exd5 14. hxg4 Nxe4 15. Qe1 Bb7 16. Rxh5 Rxh5 17. gxh5 a5 18. Bd3 0-0-0 19. Be3 Kb8 20. Nb5 Qc6 21. a4 Bc5 22. Bxe4 dxe4 23. Qf2 Bxe3+ 24. Qxe3 Qa6 25. Qc5 Rc8 26. Qe5+ Ka8 27. Nc7+ Rxc7 28. Qxc7 e3 29. Qxd7 e2 30. Qe8+ Ka7 31. Qe3+ Kb8 32. Re1 1-0

[Event "EU-ch U16 31st"]
[Site "Mamaia"]
[Date "2023.09.11"]
[Round "6"]
[White "Taspinar, Yanki"]
[Black "Ciocani, Iosif"]
[Result "0-1"]
[WhiteElo "2290"]
[BlackElo "2171"]
[PlyCount "134"]
[EventDate "2023.09.05"]
[EventType "swiss"]
[EventRounds "9"]
[EventCountry "ROU"]
[SourceTitle "EXT 2024"]
[Source "ChessBase"]
[SourceDate "2023.10.10"]
[SourceVersion "1"]
[SourceVersionDate "2023.10.10"]
[SourceQuality "1"]

1. d4 Nf6 2. c4 e6 3. Nc3 Bb4 4. e3 0-0 5. Bd2 b6 6. Nf3 Bb7 7. Bd3 d5 8. cxd5 Nxd5 9. Qc2 h6 10. 0-0 Be7 11. Nxd5 Bxd5 12. b4 Nd7 13. e4 Bb7 14. b5 Rc8 15. Rfe1 c5 16. bxc6 Bxc6 17. Qb3 Nf6 18. Rac1 Bb7 19. Rcd1 Qd7 20. Bf4 Nh5 21. Bb5 Qd8 22. Be5 Nf6 23. d5 exd5 24. exd5 Bd6 25. Bc6 Rc7 26. Bxb7 Rxb7 27. Qa4 Re8 28. Qc6 Rd7 29. Bxf6 Rxe1+ 30. Rxe1 gxf6 31. g3 Re7 32. Rd1 Bc5 33. Rd2 Rd7 34. Re2 Kg7 35. Rd2 Rd6 36. Qb7 Rd7 37. Qc6 Rd6 38. Qa4 Rxd5 39. Qg4+ Kf8 40. Re2 Qd7 41. Qh4 Kg7 42. Kg2 f5 43. Qf4 Be7 44. Rc2 Qd6 45. Qa4 Ra5 46. Qb3 Bf6 47. Rd2 Qe7 48. Qd3 Qe4 49. Qb3 Qe6 50. Qc2 Ra3 51. Qb1 a5 52. Qd1 Rxa2 53. Rd5 Qe4 54. Rb5 Rb2 55. Rd5 a4 56. Rd7 a3 57. Ra7 a2 58. Qd7 Qc4 59. Qe8 Re2 60. Qa8 Qc5 61. Kh3 Qxf2 62. Rxf7+ Kxf7 63. Qd5+ Kg7 64. Qd7+ Re7 65. Qxf5 Qf1+ 66. Kg4 a1Q 67. Kh5 Qa5 0-1

[Event "Brasov GP RO"]
[Site "Brasov"]
[Date "2023.07.18"]
[Round "4"]
[White "Toma, Radu Cristian"]
[Black "Ciocani, Iosif"]
[Result "1/2-1/2"]
[WhiteElo "2401"]
[BlackElo "2151"]
[PlyCount "72"]
[EventDate "2023.07.16"]
[EventType "swiss"]
[EventRounds "9"]
[EventCountry "ROU"]
[SourceTitle "CBM 215 Extra"]
[Source "ChessBase"]
[SourceDate "2023.09.30"]
[SourceVersion "1"]
[SourceVersionDate "2023.09.30"]
[SourceQuality "1"]

1. Nf3 Nf6 2. d4 e6 3. g3 b5 4. Qd3 a6 5. Bg2 Bb7 6. 0-0 c5 7. dxc5 Bxc5 8. a4 b4 9. a5 Nc6 10. e4 Nxa5 11. e5 Nd5 12. Nbd2 Be7 13. c4 bxc3 14. bxc3 0-0 15. Ba3 Bxa3 16. Rxa3 Qc7 17. Ng5 f5 18. exf6 Nxf6 19. Nde4 Bxe4 20. Bxe4 Qc5 21. Bxa8 Qxa3 22. Be4 Nxe4 23. Qxe4 g6 24. Qd3 Qc5 25. h4 Qc6 26. Rd1 Nc4 27. Qxd7 Qxd7 28. Rxd7 Ra8 29. Nxh7 a5 30. Nf6+ Kf8 31. Nh7+ Kg8 32. g4 Ne5 33. Nf6+ Kf8 34. Nh7+ Kg8 35. Nf6+ Kf8 36. Nh7+ Kg8 1/2-1/2

[Event "Bucharest Grand Prix"]
[Site "Bucharest"]
[Date "2023.04.29"]
[Round "3"]
[White "Ciocani, Iosif"]
[Black "Georgescu, Tiberiu Marian"]
[Result "0-1"]
[WhiteElo "2147"]
[BlackElo "2465"]
[PlyCount "176"]
[EventDate "2023.04.29"]
[EventType "swiss (rapid)"]
[EventRounds "10"]
[EventCountry "ROU"]
[SourceTitle "CBM 213 Extra"]
[Source "ChessBase"]
[SourceDate "2023.05.31"]
[SourceVersion "1"]
[SourceVersionDate "2023.05.31"]
[SourceQuality "1"]

1. e4 e5 2. Nf3 Nc6 3. Bc4 Bc5 4. c3 Nf6 5. d3 d6 6. 0-0 h6 7. a4 a5 8. Re1 0-0 9. Nbd2 Be6 10. b3 Kh8 11. Nf1 d5 12. exd5 Nxd5 13. Qc2 Qd6 14. Ng3 f5 15. Bb5 Nde7 16. Nxe5 Nxe5 17. d4 Bxd4 18. cxd4 N5c6 19. Ba3 Nb4 20. Qe2 Rf6 21. Nh5 Rg6 22. d5 Nexd5 23. Bb2 Bg8 24. Rad1 c6 25. Bc4 Rf8 26. Qf3 Rg5 27. Be5 Qg6 28. Nf4 Nxf4 29. Bxf4 Bxc4 30. bxc4 Rg4 31. h3 Rh4 32. Rd6 Qh5 33. Qxh5 Rxh5 34. Re7 b6 35. Rdd7 Rg8 36. Rb7 Nd3 37. Be3 c5 38. Rxb6 f4 39. Bd2 f3 40. Bxa5 fxg2 41. Kxg2 Rg5+ 42. Kf1 Rf8 43. Be1 Nxe1 44. Kxe1 Rg1+ 45. Ke2 Rg2 46. Rbb7 Rfxf2+ 47. Ke3 Re2+ 48. Kd3 Rd2+ 49. Kc3 Rdf2 50. Re3 Ra2 51. Rb3 Rac2+ 52. Kd3 Rgd2+ 53. Ke4 Rxc4+ 54. Kf3 Rxa4 55. Rbc3 Rd5 56. Re8+ Kh7 57. Rc8 Rf5+ 58. Kg3 Rg5+ 59. Kf3 Rh4 60. Kf2 Rf4+ 61. Ke2 Rg2+ 62. Ke3 Rh4 63. R8xc5 Rxh3+ 64. Kf4 Rxc3 65. Rxc3 Rg1 66. Rc6 Ra1 67. Kg4 Ra4+ 68. Kg3 h5 69. Kh3 g6 70. Kg3 Kh6 71. Rc5 Ra3+ 72. Kg2 Ra6 73. Kg3 g5 74. Rc3 Kg6 75. Rb3 Re6 76. Rc3 h4+ 77. Kg4 Re4+ 78. Kh3 Kh5 79. Rd3 g4+ 80. Kg2 Re5 81. Rd2 Kg5 82. Kf2 Rf5+ 83. Kg2 h3+ 84. Kg3 Rf3+ 85. Kh2 Kh4 86. Rd8 g3+ 87. Kg1 h2+ 88. Kg2 Rf2+ 0-1

[Event "Braila GP RO Stage 5"]
[Site "Braila"]
[Date "2022.11.06"]
[Round "10"]
[White "Cosma, Ioan"]
[Black "Ciocani, Iosif"]
[Result "1-0"]
[WhiteElo "2368"]
[BlackElo "2175"]
[PlyCount "71"]
[EventDate "2022.11.05"]
[EventType "swiss (rapid)"]
[EventRounds "10"]
[EventCountry "ROU"]
[SourceTitle "EXT 2024"]
[Source "ChessBase"]
[SourceDate "2023.10.10"]
[SourceVersion "1"]
[SourceVersionDate "2023.10.10"]
[SourceQuality "1"]

1. Nf3 c5 2. c4 Nc6 3. d4 cxd4 4. Nxd4 g6 5. e4 Nf6 6. Nc3 d6 7. Nc2 Bg7 8. Be2 0-0 9. 0-0 Be6 10. Rb1 Nd7 11. Bd2 Rc8 12. b3 f5 13. exf5 Bxf5 14. Bg4 Nc5 15. Bxf5 gxf5 16. Nd5 e6 17. Nf4 Qf6 18. Nh5 Qg6 19. Nxg7 Qxg7 20. Qe2 e5 21. Bc3 Qg6 22. Rbd1 Rc7 23. f3 Rg7 24. Kh1 Rf6 25. Ne3 Qh5 26. g4 fxg4 27. fxg4 Rxf1+ 28. Rxf1 Qg6 29. Nf5 Rf7 30. b4 Ne6 31. b5 Ncd4 32. Bxd4 Nxd4 33. Qe4 Kh8 34. c5 dxc5 35. Qxe5+ Qf6 36. Nd6 1-0

[Event "Geoagiu Bai Hunedoara op"]
[Site "Geoagiu Bai"]
[Date "2022.10.21"]
[Round "7"]
[White "Stefan, Iulia Cristiana"]
[Black "Ciocani, Iosif"]
[Result "0-1"]
[WhiteElo "1615"]
[BlackElo "2106"]
[PlyCount "106"]
[EventDate "2022.10.16"]
[EventType "swiss"]
[EventRounds "9"]
[EventCountry "ROU"]
[SourceTitle "CBM 210 Extra"]
[Source "ChessBase"]
[SourceDate "2022.11.30"]
[SourceVersion "1"]
[SourceVersionDate "2022.11.30"]
[SourceQuality "1"]

1. e4 c5 2. Nc3 Nc6 3. g3 g6 4. Bg2 Bg7 5. d3 e6 6. Nh3 Nge7 7. 0-0 0-0 8. Be3 b6 9. Qd2 d5 10. exd5 exd5 11. Bh6 Bxh3 12. Bxh3 Nd4 13. Bg2 Bxh6 14. Qxh6 Nxc2 15. Rac1 Nd4 16. Rce1 Rc8 17. Qf4 f6 18. h4 Kg7 19. g4 Qc7 20. Qe3 Rce8 21. Qh3 Qd6 22. h5 b5 23. h6+ Kf7 24. f4 b4 25. Nd1 Nc8 26. Ne3 Nb6 27. f5 g5 28. b3 Re5 29. Qh2 Rfe8 30. Nd1 Qd7 31. Rxe5 Rxe5 32. Bf3 Qe7 33. Qf2 a5 34. Qg2 Qf8 35. Kf2 Qe8 36. Kg1 a4 37. bxa4 Qxa4 38. Rf2 Ke7 39. Kh2 Kd6 40. Nb2 Qa3 41. Bd1 Qa8 42. Qg3 Qf8 43. Qh3 Kd7 44. Rd2 Re1 45. Na4 Qd6+ 46. Kg2 Nxa4 47. Bxa4+ Kd8 48. Bd1 Qf4 49. Rf2 Qe5 50. Bf3 Re3 51. Qh5 Ke7 52. Qg6 hxg6 53. h7 Qb8 0-1

[Event "Geoagiu Bai Hunedoara op"]
[Site "Geoagiu Bai"]
[Date "2022.10.19"]
[Round "5"]
[White "Gutkin, Ilya"]
[Black "Ciocani, Iosif"]
[Result "0-1"]
[WhiteElo "2312"]
[BlackElo "2106"]
[PlyCount "82"]
[EventDate "2022.10.16"]
[EventType "swiss"]
[EventRounds "9"]
[EventCountry "ROU"]
[SourceTitle "CBM 210 Extra"]
[Source "ChessBase"]
[SourceDate "2022.11.30"]
[SourceVersion "1"]
[SourceVersionDate "2022.11.30"]
[SourceQuality "1"]

1. Nf3 Nf6 2. g3 b5 3. Bg2 Bb7 4. Na3 a6 5. c4 e6 6. b3 Be7 7. 0-0 bxc4 8. Nxc4 c5 9. Bb2 d5 10. Nce5 0-0 11. Qc2 Nbd7 12. h4 Rc8 13. Ng5 Nxe5 14. Bxe5 g6 15. f4 Nd7 16. Bb2 Bf6 17. Bxf6 Nxf6 18. Bf3 h5 19. d3 Qb6 20. e3 c4 21. dxc4 Ng4 22. Bxg4 hxg4 23. h5 Qxe3+ 24. Kh2 dxc4 25. Qf2 Qxf2+ 26. Rxf2 gxh5 27. bxc4 Rxc4 28. Raf1 Rfc8 29. f5 exf5 30. Nxf7 Rc1 31. Nh6+ Kh7 32. Nxf5 Rxf1 33. Rxf1 Rc2+ 34. Kg1 Rg2+ 35. Kh1 Rxa2+ 36. Kg1 Rg2+ 37. Kh1 Rxg3+ 38. Kh2 Rh3+ 39. Kg1 Rh1+ 40. Kf2 Rxf1+ 41. Kxf1 a5 0-1

[Event "Geoagiu Bai Hunedoara op"]
[Site "Geoagiu Bai"]
[Date "2022.10.16"]
[Round "1"]
[White "Ciocani, Iosif"]
[Black "Stoleriu, George"]
[Result "0-1"]
[WhiteElo "2106"]
[BlackElo "2392"]
[PlyCount "62"]
[EventDate "2022.10.16"]
[EventType "swiss"]
[EventRounds "9"]
[EventCountry "ROU"]
[SourceTitle "CBM 210 Extra"]
[Source "ChessBase"]
[SourceDate "2022.11.30"]
[SourceVersion "1"]
[SourceVersionDate "2022.11.30"]
[SourceQuality "1"]

1. e4 c5 2. Nf3 a6 3. c3 e6 4. d4 d5 5. e5 Bd7 6. Bd3 cxd4 7. cxd4 Bb5 8. Bc2 a5 9. Nc3 Ba6 10. a3 Nc6 11. Bg5 Nge7 12. Na4 h6 13. Bxe7 Bxe7 14. Bd3 0-0 15. Rc1 Qc7 16. 0-0 Rfc8 17. h3 Qd8 18. Bxa6 Rxa6 19. Qd3 Na7 20. Nd2 Rac6 21. Nb3 Rc4 22. Nc3 Qb6 23. Na2 a4 24. Nc5 Rxc1 25. Rxc1 Qxb2 26. Qb1 Qxd4 27. Nxb7 Bxa3 28. Rxc8+ Nxc8 29. Na5 Qxe5 30. Qc2 Ne7 31. Nc3 Bb4 0-1

[Event "Arad op 15th"]
[Site "Arad"]
[Date "2022.08.12"]
[Round "7"]
[White "Ciocani, Iosif"]
[Black "Balaban Voia, Alexandru"]
[Result "1/2-1/2"]
[WhiteElo "1954"]
[BlackElo "1869"]
[PlyCount "70"]
[EventDate "2022.08.08"]
[EventType "swiss"]
[EventRounds "9"]
[EventCountry "ROU"]
[SourceTitle "CBM 209 Extra"]
[Source "ChessBase"]
[SourceDate "2022.09.30"]
[SourceVersion "1"]
[SourceVersionDate "2022.09.30"]
[SourceQuality "1"]

1. e4 g6 2. d4 Bg7 3. Nc3 d6 4. f4 Nf6 5. Nf3 c5 6. Bb5+ Bd7 7. e5 Ng4 8. Bxd7+ Qxd7 9. h3 cxd4 10. Qxd4 Nh6 11. Qf2 Nc6 12. 0-0 0-0 13. Rd1 Rfd8 14. exd6 Nf5 15. Ne4 Nxd6 16. Nxd6 Qc7 17. Be3 Rxd6 18. c3 b6 19. Rd2 Rad8 20. Rad1 Rxd2 21. Rxd2 Rxd2 22. Qxd2 e6 23. c4 e5 24. g3 exf4 25. Bxf4 Ne5 26. Nxe5 Bxe5 27. Bxe5 Qxe5 28. Kh2 h5 29. h4 Qc5 30. b3 a5 31. Kg2 a4 32. bxa4 Qxc4 33. a5 bxa5 34. Qxa5 Qe2+ 35. Kg1 Qe3+ 1/2-1/2

[Event "Arad op 15th"]
[Site "Arad"]
[Date "2022.08.11"]
[Round "5"]
[White "Ciocani, Iosif"]
[Black "Secheres, Adrian Simion"]
[Result "0-1"]
[WhiteElo "1954"]
[BlackElo "2360"]
[PlyCount "82"]
[EventDate "2022.08.08"]
[EventType "swiss"]
[EventRounds "9"]
[EventCountry "ROU"]
[SourceTitle "CBM 209 Extra"]
[Source "ChessBase"]
[SourceDate "2022.09.30"]
[SourceVersion "1"]
[SourceVersionDate "2022.09.30"]
[SourceQuality "1"]

1. e4 e5 2. Nf3 Nc6 3. Bc4 Nf6 4. d3 Be7 5. 0-0 0-0 6. Nc3 d6 7. a4 Na5 8. Ba2 c5 9. Bg5 Nc6 10. Bxf6 Bxf6 11. Nd5 Be6 12. Qd2 Rb8 13. c3 h6 14. b4 cxb4 15. cxb4 Bg5 16. Nxg5 Qxg5 17. f4 exf4 18. Rxf4 Nd4 19. Raf1 Kh7 20. Ne3 Rfc8 21. Bc4 a6 22. Bxe6 fxe6 23. h3 b5 24. a5 Rc7 25. e5 dxe5 26. Rg4 Qe7 27. Qe1 Rf8 28. Kh2 Rxf1 29. Nxf1 Qf6 30. Ng3 Rc2 31. Qe4+ g6 32. Qb7+ Qg7 33. Qe4 Qf7 34. h4 h5 35. Nxh5 Re2 36. Nf6+ Qxf6 37. Qb7+ Kh6 38. h5 gxh5 39. Rg3 Nf5 40. Rh3 Qg5 41. Qf3 Qf4+ 0-1

[Event "Poiana Brasov op"]
[Site "Poiana Brasov"]
[Date "2022.07.29"]
[Round "8"]
[White "Nahornyi, Ihor"]
[Black "Ciocani, Iosif"]
[Result "1-0"]
[WhiteElo "2123"]
[BlackElo "2012"]
[PlyCount "71"]
[EventDate "2022.07.24"]
[EventType "swiss"]
[EventRounds "9"]
[EventCountry "ROU"]
[SourceTitle "EXT 2023"]
[Source "ChessBase"]
[SourceDate "2022.10.05"]
[SourceVersion "1"]
[SourceVersionDate "2022.10.05"]
[SourceQuality "1"]

1. e4 c5 2. Nf3 Nc6 3. d4 cxd4 4. Nxd4 g6 5. Nc3 Bg7 6. Be3 Nf6 7. Bc4 0-0 8. Bb3 Re8 9. f3 d6 10. Qd2 Na5 11. 0-0-0 Nxb3+ 12. cxb3 Bd7 13. Kb1 Qa5 14. h4 Rab8 15. g4 b5 16. a3 Qc7 17. Na2 Rec8 18. h5 e5 19. Ne2 Be6 20. Nac1 d5 21. hxg6 fxg6 22. g5 d4 23. gxf6 dxe3 24. Qd6 Qc2+ 25. Ka1 Bf7 26. fxg7 Rd8 27. Qxe5 Rxd1 28. Qxb8+ Kxg7 29. Rxd1 Qxd1 30. Qf4 Qd2 31. e5 Bxb3 32. Nxb3 Qxe2 33. Ka2 Qd3 34. e6 e2 35. Qe5+ Kh6 36. e7 1-0

[Event "ROM-ch"]
[Site "Eforie Nord"]
[Date "2022.02.27"]
[Round "9"]
[White "Antal, Hunor Zoltan"]
[Black "Ciocani, Iosif"]
[Result "1-0"]
[WhiteElo "2172"]
[BlackElo "1876"]
[PlyCount "63"]
[EventDate "2022.02.20"]
[EventType "swiss"]
[EventRounds "9"]
[EventCountry "ROU"]
[SourceTitle "CBM 207 Extra"]
[Source "ChessBase"]
[SourceDate "2022.05.31"]
[SourceVersion "1"]
[SourceVersionDate "2022.05.31"]
[SourceQuality "1"]

1. c4 e5 2. g3 g6 3. Bg2 Bg7 4. Nc3 Ne7 5. Nf3 0-0 6. d4 exd4 7. Nxd4 Nbc6 8. Nc2 d6 9. 0-0 Be6 10. Nd5 Ne5 11. Nd4 N7c6 12. Nxe6 fxe6 13. Nf4 Re8 14. Bd2 Nd7 15. h4 Nc5 16. h5 e5 17. Nd5 a5 18. hxg6 hxg6 19. Bh3 Rf8 20. Qc2 e4 21. Be3 Nd4 22. Qd2 Nf5 23. Bg5 Qd7 24. Ne7+ Kh7 25. Kg2 Bf6 26. Rh1 Kg7 27. Bxf5 gxf5 28. Bxf6+ Rxf6 29. Qg5+ Kf7 30. Nd5 Qd8 31. Rh7+ Ke6 32. Nxf6 1-0

[Event "ROM-ch"]
[Site "Eforie Nord"]
[Date "2022.02.25"]
[Round "7"]
[White "Serban, Cristian Stefan"]
[Black "Ciocani, Iosif"]
[Result "1-0"]
[WhiteElo "2090"]
[BlackElo "1876"]
[PlyCount "91"]
[EventDate "2022.02.20"]
[EventType "swiss"]
[EventRounds "9"]
[EventCountry "ROU"]
[SourceTitle "CBM 207 Extra"]
[Source "ChessBase"]
[SourceDate "2022.05.31"]
[SourceVersion "1"]
[SourceVersionDate "2022.05.31"]
[SourceQuality "1"]

1. d4 Nf6 2. c4 g6 3. Nc3 Bg7 4. e4 d6 5. Nf3 0-0 6. Be2 e5 7. 0-0 Nc6 8. Be3 h6 9. d5 Ne7 10. Nd2 Nd7 11. b4 f5 12. f3 f4 13. Bf2 a5 14. a3 b6 15. bxa5 Rxa5 16. Nb3 Ra8 17. a4 g5 18. a5 Nc5 19. axb6 Rxa1 20. Nxa1 cxb6 21. Nc2 Bd7 22. Na3 Qb8 23. Nab5 Nc8 24. Qa1 Rf7 25. Rb1 Bf8 26. Bxc5 dxc5 27. Qa6 h5 28. Na4 Be7 29. Nbc3 Rf6 30. Nb2 b5 31. Qa5 b4 32. Nd3 Qb6 33. Qa8 Bd6 34. Nb5 Rf8 35. Nxd6 Nxd6 36. Qa2 Re8 37. Bd1 Kf7 38. Bb3 g4 39. Kh1 g3 40. Qb2 Nxc4 41. Bxc4 Qd6 42. Ra1 Bc8 43. Ra7+ Kg6 44. Nxf4+ Kg5 45. Rg7+ Kh6 46. Rg6+ 1-0

[Event "EU-ch Schools U13"]
[Site "Tornelo INT"]
[Date "2021.12.05"]
[Round "7"]
[White "Ciocani, Iosif"]
[Black "Antoniou, Rafail"]
[Result "1/2-1/2"]
[WhiteElo "1908"]
[BlackElo "1681"]
[PlyCount "132"]
[EventDate "2021.12.03"]
[EventType "swiss (rapid)"]
[EventRounds "7"]
[EventCountry "NET"]
[SourceTitle "EXT 2023"]
[Source "ChessBase"]
[SourceDate "2022.10.05"]
[SourceVersion "1"]
[SourceVersionDate "2022.10.05"]
[SourceQuality "1"]

1. e4 c5 2. Nf3 e6 3. d4 cxd4 4. Nxd4 Nf6 5. Nc3 Nc6 6. Ndb5 Bb4 7. a3 Bxc3+ 8. Nxc3 d5 9. exd5 exd5 10. Bd3 0-0 11. 0-0 d4 12. Ne4 Bf5 13. Bg5 Bxe4 14. Bxe4 h6 15. Bxf6 Qxf6 16. Qf3 Qxf3 17. Bxf3 Rfe8 18. Rad1 Rad8 19. Rd2 Ne5 20. b3 Nxf3+ 21. gxf3 Re6 22. Rfd1 Red6 23. Rd3 Kh7 24. Kg2 a5 25. f4 Rc6 26. Rxd4 Rxd4 27. Rxd4 Rxc2 28. Rd5 a4 29. bxa4 Rc4 30. Rb5 Rxa4 31. Rxb7 Kg6 32. Rb3 Rxf4 33. Rb4 Rf5 34. Rb1 Ra5 35. Ra1 Kf5 36. a4 Kf4 37. f3 f5 38. Kf2 Rc5 39. Ra2 Rc3 40. a5 Rxf3+ 41. Kg2 Rc3 42. a6 Rc8 43. a7 Ra8 44. Kf2 h5 45. Ra5 Kg4 46. Kg2 g5 47. Kf2 f4 48. Kg2 Kh4 49. h3 g4 50. hxg4 hxg4 51. Ra4 f3+ 52. Kh2 f2 53. Kg2 f1Q+ 54. Kxf1 Kh3 55. Kg1 g3 56. Ra1 Kg4 57. Kg2 Kf4 58. Ra4+ Ke5 59. Kxg3 Kd6 60. Kf4 Kc6 61. Ke5 Kb5 62. Ra2 Kb6 63. Kd6 Rd8+ 64. Ke7 Ra8 65. Kd7 Rxa7+ 66. Rxa7 Kxa7 1/2-1/2

[Event "EU-ch Schools U13"]
[Site "Tornelo INT"]
[Date "2021.12.05"]
[Round "6"]
[White "Vassis, Anastasios"]
[Black "Ciocani, Iosif"]
[Result "0-1"]
[WhiteElo "1520"]
[BlackElo "1908"]
[PlyCount "50"]
[EventDate "2021.12.03"]
[EventType "swiss (rapid)"]
[EventRounds "7"]
[EventCountry "NET"]
[SourceTitle "EXT 2023"]
[Source "ChessBase"]
[SourceDate "2022.10.05"]
[SourceVersion "1"]
[SourceVersionDate "2022.10.05"]
[SourceQuality "1"]

1. Nf3 c5 2. e3 d5 3. d4 cxd4 4. exd4 Nf6 5. Be2 Bf5 6. 0-0 e6 7. b3 Bd6 8. Bb2 Nc6 9. Nbd2 0-0 10. Ne5 Bxe5 11. dxe5 Nd7 12. f4 Qb6+ 13. Kh1 Nb4 14. g4 Bxc2 15. Qe1 Bd3 16. Qf2 Qxf2 17. Rxf2 Rfc8 18. Bd1 Nc5 19. a3 Ne4 20. Nxe4 Bxe4+ 21. Kg1 Nd3 22. Rd2 Nxf4 23. Be2 Rc7 24. Rf1 Nxe2+ 25. Rxe2 Bd3 0-1